02343cam a22004694i 4500003000900000005001700009008004100026020001500067020001800082035002700100035002100127040005400148050001900202082002200221245009400243264006000337300004500397336002100442337002500463338002300488490007200511504003200583505093700615526001001552526001001562526001001572526001001582526000801592526000801600526000801608526000801616526000801624526000801632526000801640650004001648650002301688650002201711650004701733650002401780650002701804700004201831PE-LiUPU20250731173037.0161214s2016 mdu r 001 0 eng d a0925675296 a9780925675293 a(Sirsi) i9780925675293 a(OCoLC)965892947 aGBVCPbgererdacGBVCPdOXGdEXNdOCLCOdPE-LiUPU aBV176.3b.W67700a262.06732bW822000aWorship, ministry, and the authority of the church /cÁngel Manuel Rodríguez, Editor. 1aSilver Spring, MD :bBiblical Research Institute,c2016 axiii, 429 páginas ;c23 centímetros. atext2rdacontent aunmediated2rdamedia avolume2rdacarrier1 aBiblical Research Institute, Studies in Adventist Ecclesiology ;v3 aIndice : páginas 423-429.0 aWorship and the reformers -- Worship in the sisteenth-century anabaptisi reformers -- Early Adventist worship, 1845-19000 -- Ellen G. White's theology of worship and liturgy -- Toward an Adventist theology of worship -- Elements of adventist worship -- Worship in a postmodern context -- Ordinances of the church: baptism, foot washing, and the lord´s supper -- The apostolicity of the church -- Priesthood of al belivers -- Nature, function, and authority of the minister in the writings of Ellen G. White -- Authority od the church in the gospels and acts -- Authority of the church in Paul and latter writings of the new testament -- Authority and church discipline -- Ecclesiastical authority: source, nature, and function -- Authority and unity of the church in orthodox theology -- Authority and unity of the church in orthodox theology -- Trends and factors affecting the future of the Adventist ecclesiastical organization. aSEG42 aSEG41 aSEG40 aSEG39 aP94 aP87 aP86 aP85 aP77 aP76 aP35 0aSeventh-day Adventists -Liturgía. 0aChurchxAuthority. 0aWorshipxHistory. 0aAdventistas del Septimo Día -Liturgía. 0aIglesiaxAutoridad. 0aAdoraciónxHistoria.1 aRodríguez, Ángel Manuel,eeditor.